| 000 | 00522nam a2200205Ia 4500 | ||
|---|---|---|---|
| 003 | IT-RoPAU | ||
| 005 | 20220918175646.0 | ||
| 008 | 120407s9999 xx 000 0 und d | ||
| 040 | _aIT-RoPAU | ||
| 040 | _cIT-RoPAU | ||
| 041 | _aita | ||
| 100 |
_aGiancarlo Rocca _933908 |
||
| 100 |
_cssp _921 |
||
| 245 | _aElementi per la fisionomia di un Fondatore. Don Alberione e i suoi istituti. In: | ||
| 300 | _c cm | ||
| 490 | _v1 | ||
| 600 |
_aClaretianum 29 (1989) 125-198. _935152 |
||
| 942 |
_cBK _2ddc |
||
| 999 |
_c23782 _d23782 |
||